000 00301nam a22001337a 4500
008 180827b xxu||||| |||| 00| 0 eng d
020 _a9780323045407
041 _aeng
080 _27 ED
_a610.72
100 _a2
101 _aNUR
245 _aPUBLIC HEALTH NURSING
_cSTANHOPE.M
942 _2udc
_cBK
999 _c47355
_d47355